Di chúc của Chủ tịch Hồ Chí Minh

Toàn văn thông báo của Bộ chính trị Ban chấp hành TW Đảng cộng sản Việt Nam về một số vấn đề liên quan đến di chúc và ngày qua đời của Hồ Chủ Tịch; Bút tích và nguyên văn các bản di chúc của Bác; Điếu văn vủa BCHTW Đảng lao động Việt Nam....

Cijeli opis

Spremljeno u:
Bibliografski detalji
Glavni autor: Ban chấp hành trung ương Đảng Cộng Sản Việt Nam
Format: Knjiga
Jezik:Undetermined
Izdano: H. Sự thật 1989
Teme:
Online pristup:http://lrc.tdmu.edu.vn/opac/search/detail.asp?aID=2&ID=16613
Oznake: Dodaj oznaku
Bez oznaka, Budi prvi tko označuje ovaj zapis!
Thư viện lưu trữ: Trung tâm Học liệu Trường Đại học Thủ Dầu Một
LEADER 01173nam a2200205Ia 4500
001 TDMU_16613
008 210410s9999 xx 000 0 und d
082 |a 959.704092 
090 |b B105 
100 |a Ban chấp hành trung ương Đảng Cộng Sản Việt Nam 
245 0 |a Di chúc của Chủ tịch Hồ Chí Minh 
245 0 |c Ban chấp hành trung ương Đảng Cộng Sản Việt Nam 
260 |a H. 
260 |b Sự thật 
260 |c 1989 
300 |a 59tr. 
520 |a Toàn văn thông báo của Bộ chính trị Ban chấp hành TW Đảng cộng sản Việt Nam về một số vấn đề liên quan đến di chúc và ngày qua đời của Hồ Chủ Tịch; Bút tích và nguyên văn các bản di chúc của Bác; Điếu văn vủa BCHTW Đảng lao động Việt Nam. 
650 |a Đảng Cộng Sản Việt Nam  |x Ban chấp hành Trung ương; Di chúc; Hồ Chí Minh  |d (1890-1969)  |x Di chúc 
856 |u http://lrc.tdmu.edu.vn/opac/search/detail.asp?aID=2&ID=16613 
980 |a Trung tâm Học liệu Trường Đại học Thủ Dầu Một